000 00804nam a2200217 a 4500
999 _c7120
_d7120
001 7120
003 BD-JhCC
005 20180207125647.0
008 171231s1374 bg |||| ||a| 000 0 ben d
035 _a(BD-JhCC)7120
040 _aBD-JhCC
_dBD-JhCC
041 _aben
082 _a071.471
_bBAN 1374
245 _aবাঙলা একাডেমী পত্রিকা : কার্তিক-পৌষ ১৩৭৪ একাদশ বর্ষ, তৃতীয় সংখ্যা /
_cকাজী দীন মোহাম্মদ (সম্পদিত)
260 _aঢাকা :
_bবাঙলা একাডেমী,
_c1374.
300 _a124 p. :
_c24 cm.
650 _aMagazine
700 _aমোহাম্মদ, কাজী দীন
942 _2ddc
_cBK